000 00688nam a2200193 a 4500
001 3929
005 20140414132043.0
008 040202s19uu xx 00 eng d
020 _a2-7641-0554-1
050 _aBB
_bG75 1998
100 _aSolyom, Catherine
245 _aThe great book of masks:
_cCatherine Solyom.
_bput on a mask and act out the story! /
260 _bTormont,
_c1998.
_aMontreal, Canada :
300 _a1 v. : ill. ; cm.
500 _aContents: Little Red Riding Hood--The Three Little Pigs--Hansel and Gretel--The Crow and the Fox--Puss in Boots--The Lion and the Mouse--The Wizard of Oz.
650 _aMasks.
650 _aChildren stories.
999 _c113901
_d113901